| 000 | 00705nas a22002057a 4500 | ||
|---|---|---|---|
| 008 | 130514t20109999ag ||||| |||| 00| 0 spa d | ||
| 245 | _aColeccion Trabajos Clave | ||
| 260 |
_aBuenos Aires, _bSociedad Iberoamericana de Informacion Cientifica: _c2010 |
||
| 300 | _av. : | ||
| 440 |
_aEnfermedad Pulmonar Obstructiva Cronica _92269 |
||
| 546 | _aespaƱol | ||
| 590 | _aIndizada en: SIIC Data Bases | ||
| 590 | _aExistencias: 2010 (1 ejemplar) | ||
| 650 |
_aENFERMEDAD PULMONAR OBSTRUCTIVA CRONICA-TRATAMIENTO _92270 |
||
| 650 |
_aN-ACETILCISTEINA _92271 |
||
| 650 |
_aNEUMOLOGIA _92010 |
||
| 650 |
_aACETILCISTEINA _92272 |
||
| 856 | _uhttp://www.siicsalud.com/lmr/siicdatabases.php | ||
| 942 |
_2ddc _cCR |
||
| 999 |
_c1417 _d1417 |
||